000 00641nam a2200229Ia 4500
003 GCL
008 140319s9999 xx 000 0 ara d
040 _aGCL /
_cGCL
082 0 4 _aق
_b350.03
_bن ت
100 1 _aناصر الانصارى
245 1 0 _aتاريخ انظمة الشرطة فى مصر /
_cناصر الانصارى
260 _a[S.N] :
_bدار الشروق ،
_c1990
300 _a175 ص
490 _a
650 0 4 _aمصر
650 0 4 _aتاريخ
650 0 4 _aتنظيم وادارة
650 0 4 _aالشرطة
650 0 4 _aالعصر اليونانى
650 0 4 _aالجمهوريات
942 _2ddc
_cBK
999 _c31006
_d31006